Coleridge:critic of Shakespeare (Record no. 299)
[ view plain ]
| 000 -LEADER | |
|---|---|
| fixed length control field | 00269nam a2200097 4500 |
| 082 ## - DEWEY DECIMAL CLASSIFICATION NUMBER | |
| Classification number | 822.33D |
| Item number | BAD |
| 100 ## - MAIN ENTRY--PERSONAL NAME | |
| Personal name | Badawi,M. M. |
| 245 ## - TITLE STATEMENT | |
| Title | Coleridge:critic of Shakespeare |
| Statement of responsibility, etc. | by M. M. Badawi |
| 260 ## - PUBLICATION, DISTRIBUTION, ETC. | |
| Place of publication, distribution, etc. | Cambridge |
| Name of publisher, distributor, etc. | Cambridge university press |
| Date of publication, distribution, etc. | 1973 |
| 300 ## - PHYSICAL DESCRIPTION | |
| Extent | viii,222p.; 22cm. |
| Withdrawn status | Lost status | Damaged status | Not for loan | Collection code | Home library | Current library | Date acquired | Total Checkouts | Full call number | Barcode | Date last seen | Date last checked out | Price effective from | Koha item type | Total Renewals | Copy number |
|---|---|---|---|---|---|---|---|---|---|---|---|---|---|---|---|---|
| ENGLISH | North Eastern Hill University | North Eastern Hill University | 18/11/2011 | 1 | 822.33D BAD | A2223 | 29/05/2015 | 29/05/2015 | 18/11/2011 | Books | ||||||
| North Eastern Hill University | North Eastern Hill University | 18/11/2011 | 2 | 822.33D BAD | 52213 | 27/04/2018 | 27/04/2018 | 18/11/2011 | Books | 1 | ;1 |
